Statistics for All First-Level Subdivisions of North America on a Map

Click here to take the quiz!

General Stats

  • This quiz has been taken 9,151 times
    (8,161 since last reset)
  • The average score is 110 of 385

Answers on the Map

Answers color-coded by a green-red scale on the quiz's map according to % correct below.
Loading ...
 

Answer Stats

CountryTypeAnswer% Correct
HaitiDepartmentNord
97%
United StatesStateAlaska
97%
United StatesStateCalifornia
96%
United StatesStateTexas
96%
HaitiDepartmentSud
96%
United StatesStateFlorida
95%
United StatesDistrictDistrict of Columbia
95%
United StatesStateNew York
95%
United StatesStateWashington
95%
HaitiDepartmentOuest
95%
PanamaProvincePanamá Oeste
94%
United StatesStateNew Mexico
94%
United StatesStateArizona
94%
United StatesStateNevada
94%
United StatesStateOregon
94%
United StatesStateMaine
94%
United StatesStateNorth Dakota
94%
United StatesStateSouth Dakota
94%
United StatesStateMississippi
93%
United StatesStateIdaho
93%
United StatesStateGeorgia
93%
United StatesStateMichigan
93%
United StatesStateColorado
93%
United StatesStateNew Jersey
93%
United StatesStateNorth Carolina
93%
United StatesStateSouth Carolina
93%
United StatesStateAlabama
93%
United StatesStateUtah
93%
United StatesStateVirginia
93%
United StatesStateLouisiana
93%
United StatesStateArkansas
92%
United StatesStateIllinois
92%
United StatesStateKansas
92%
United StatesStateKentucky
92%
United StatesStateWyoming
92%
United StatesStatePennsylvania
92%
United StatesStateOhio
92%
United StatesStateWest Virginia
92%
United StatesStateTennessee
92%
United StatesStateMontana
92%
United StatesStateOklahoma
92%
United StatesStateNew Hampshire
92%
United StatesStateVermont
91%
United StatesStateRhode Island
91%
United StatesStateWisconsin
91%
United StatesStateMaryland
91%
CanadaProvinceQuebec
91%
United StatesStateMassachusetts
91%
United StatesStateMissouri
91%
United StatesStateIndiana
91%
United StatesStateMinnesota
91%
United StatesStateIowa
90%
United StatesStateNebraska
90%
United StatesStateConnecticut
90%
United StatesStateDelaware
89%
CanadaProvinceOntario
87%
CanadaProvinceNewfoundland and
Labrador
86%
MexicoStateBaja California
85%
CanadaProvinceBritish Columbia
84%
DenmarkConstituent CountryGreenland
83%
MexicoStateMéxico
83%
MexicoDistrictMexico City
83%
CanadaProvinceAlberta
83%
CanadaTerritoryYukon
79%
CanadaProvinceSaskatchewan
74%
CubaProvinceLa Habana
74%
HaitiDepartmentNord-Ouest
73%
CanadaProvincePrince Edward Island
73%
CanadaProvinceNova Scotia
73%
CanadaProvinceManitoba
72%
CanadaTerritoryNunavut
68%
PanamaProvincePanamá
65%
CanadaProvinceNew Brunswick
65%
CanadaTerritoryNorthwest Territories
65%
United StatesTerritoryPuerto Rico
63%
HaitiDepartmentCentre
60%
MexicoStateYucatán
60%
MexicoStateChihuahua
58%
JamaicaParishKingston
58%
GuatemalaDepartmentGuatemala
57%
United KingdomTerritoryBermuda
55%
El SalvadorDepartmentSan Salvador
51%
BahamasDistrictSan Salvador
51%
Costa RicaProvinceSan José
51%
United StatesTerritoryUnited States
Virgin Islands
48%
United KingdomTerritoryBritish Virgin Islands
47%
Trinidad and TobagoIslandTobago
47%
BelizeDistrictBelize
46%
Saint Kitts and NevisIslandSaint Kitts
45%
Dominican RepublicDistrictDistrito Nacional
45%
Dominican RepublicProvinceSanto Domingo
45%
NetherlandsConstituent CountrySint Maarten
43%
FranceTerritorySaint Martin
43%
NetherlandsConstituent CountryAruba
42%
NicaraguaDepartmentManagua
42%
Saint Kitts and NevisIslandNevis
40%
Antigua and BarbudaDependencyBarbuda
38%
NetherlandsConstituent CountryCuraçao
37%
Trinidad and TobagoRegionSan Juan–Laventille
36%
MexicoStateBaja California Sur
36%
Dominican RepublicProvinceSan Juan
36%
Trinidad and TobagoMunicipalityPort of Spain
36%
Antigua and BarbudaParishSaint John
35%
GrenadaParishSaint John
35%
MexicoStateOaxaca
35%
BarbadosParishSaint John
35%
DominicaParishSaint John
35%
FranceRegionMartinique
33%
FranceRegionGuadeloupe
33%
NicaraguaDepartmentGranada
33%
MexicoStateSonora
31%
HaitiDepartmentSud-Est
30%
HaitiDepartmentNord-Est
30%
Antigua and BarbudaParishSaint George
29%
GrenadaParishSaint George
29%
Saint Vincent and the GrenadinesParishSaint George
29%
DominicaParishSaint George
29%
BarbadosParishSaint George
29%
MexicoStateTabasco
29%
United KingdomTerritoryCayman Islands
28%
Saint Vincent and the GrenadinesParishGrenadines
28%
MexicoStateVeracruz
27%
CubaProvinceSantiago de Cuba
27%
Dominican RepublicProvinceSantiago
27%
MexicoStateJalisco
26%
MexicoStatePuebla
26%
MexicoStateSinaloa
26%
NetherlandsMunicipalityBonaire
25%
United KingdomTerritoryTurks and Caicos
Islands
25%
MexicoStateChiapas
25%
MexicoStateQuintana Roo
24%
United KingdomTerritoryMontserrat
24%
CubaProvinceGuantánamo
24%
MexicoStateDurango
23%
MexicoStateNuevo León
22%
Saint LuciaQuarterCastries
22%
JamaicaParishSaint Ann
22%
FranceTerritorySaint Pierre and
Miquelon
21%
United KingdomTerritoryAnguilla
20%
MexicoStateCoahuila
19%
FranceTerritorySaint Barthélemy
19%
MexicoStateAguascalientes
19%
MexicoStateZacatecas
19%
MexicoStateGuerrero
19%
MexicoStateSan Luis Potosí
18%
MexicoStateTamaulipas
18%
JamaicaParishSaint Mary
18%
JamaicaParishSaint Thomas
18%
BarbadosParishSaint Thomas
18%
MexicoStateCampeche
18%
MexicoStateHidalgo
18%
MexicoStateMichoacán
18%
MexicoStateColima
17%
MexicoStateNayarit
17%
MexicoStateQuerétaro
16%
DominicaParishSaint Peter
16%
Antigua and BarbudaParishSaint Paul
16%
DominicaParishSaint Paul
16%
BarbadosParishSaint Peter
16%
Antigua and BarbudaParishSaint Peter
16%
MexicoStateGuanajuato
16%
NicaraguaDepartmentLeón
15%
Antigua and BarbudaParishSaint Mary
15%
JamaicaParishSaint James
15%
MexicoStateTlaxcala
15%
BelizeDistrictStann Creek
15%
MexicoStateMorelos
15%
BarbadosParishSaint Andrew
14%
GrenadaParishSaint Andrew
14%
DominicaParishSaint Andrew
14%
JamaicaParishSaint Andrew
14%
NetherlandsMunicipalitySaba
14%
Saint Vincent and the GrenadinesParishSaint Andrew
14%
BarbadosParishSaint James
14%
GrenadaParishSaint Mark
13%
El SalvadorDepartmentSanta Ana
13%
NetherlandsMunicipalitySint Eustatius
13%
PanamaProvinceColón
13%
HondurasDepartmentColón
13%
DominicaParishSaint Mark
13%
PanamaProvinceDarién
12%
DominicaParishSaint Joseph
11%
DominicaParishSaint Patrick
11%
DominicaParishSaint David
11%
CubaProvinceCamagüey
11%
Saint Vincent and the GrenadinesParishSaint David
11%
Saint Vincent and the GrenadinesParishSaint Patrick
11%
DominicaParishSaint Luke
11%
GrenadaParishSaint David
11%
GrenadaParishSaint Patrick
11%
BarbadosParishSaint Joseph
11%
CubaSpecial MunicipalityIsla de la Juventud
10%
Costa RicaProvinceLimón
10%
CubaProvinceCienfuegos
10%
BahamasDistrictCity of Freeport
10%
BahamasDistrictGrand Cay
10%
BarbadosParishSaint Michael
10%
El SalvadorDepartmentSan Miguel
10%
JamaicaParishSaint Catherine
9%
Antigua and BarbudaParishSaint Philip
9%
CubaProvincePinar del Río
9%
JamaicaParishSaint Elizabeth
9%
GuatemalaDepartmentPetén
9%
BarbadosParishSaint Philip
9%
HondurasDepartmentLa Paz
9%
BelizeDistrictOrange Walk
9%
CubaProvinceMatanzas
9%
CubaProvinceHolguín
9%
HondurasDepartmentSanta Bárbara
9%
HondurasDepartmentValle
9%
Dominican RepublicProvinceSan Cristóbal
9%
El SalvadorDepartmentLa Paz
9%
BelizeDistrictToledo
9%
BahamasDistrictSouth Andros
8%
CubaProvinceGranma
8%
BahamasDistrictCat Island
8%
BahamasDistrictNorth Andros
8%
Costa RicaProvincePuntarenas
8%
Costa RicaProvinceGuanacaste
8%
BahamasDistrictLong Island
8%
Trinidad and TobagoMunicipalitySan Fernando
8%
Costa RicaProvinceAlajuela
8%
BelizeDistrictCayo
8%
BarbadosParishSaint Lucy
8%
BahamasDistrictNew Providence
8%
CubaProvinceArtemisa
8%
CubaProvinceVilla Clara
8%
GuatemalaDepartmentQuetzaltenango
8%
CubaProvinceSancti Spíritus
8%
GuatemalaDepartmentSan Marcos
8%
JamaicaParishManchester
8%
GuatemalaDepartmentSanta Rosa
8%
CubaProvinceLas Tunas
8%
JamaicaParishWestmoreland
7%
NicaraguaDepartmentMasaya
7%
CubaProvinceMayabeque
7%
GuatemalaDepartmentEl Progreso
7%
BahamasDistrictInagua
7%
BelizeDistrictCorozal
7%
NicaraguaDepartmentEstelí
7%
HondurasDepartmentGracias a Dios
7%
GuatemalaDepartmentEscuintla
7%
NicaraguaDepartmentMatagalpa
7%
Dominican RepublicProvincePuerto Plata
7%
GuatemalaDepartmentHuehuetenango
7%
NicaraguaDepartmentRivas
7%
Costa RicaProvinceHeredia
7%
PanamaProvinceBocas del Toro
7%
PanamaProvinceChiriquí
7%
GuatemalaDepartmentZacapa
7%
BahamasDistrictWest Grand Bahama
7%
HondurasDepartmentCopán
7%
HondurasDepartmentCortés
7%
PanamaProvinceLos Santos
7%
CubaProvinceCiego de Ávila
7%
BahamasDistrictExuma
7%
Dominican RepublicProvinceLa Romana
7%
JamaicaParishHanover
7%
JamaicaParishClarendon
7%
El SalvadorDepartmentLa Libertad
7%
BahamasDistrictEast Grand Bahama
7%
JamaicaParishPortland
7%
El SalvadorDepartmentSan Vicente
7%
Costa RicaProvinceCartago
7%
BahamasDistrictBimini
7%
GuatemalaDepartmentChiquimula
7%
GuatemalaDepartmentJalapa
7%
BahamasDistrictCentral Abaco
7%
GuatemalaDepartmentBaja Verapaz
7%
BahamasDistrictCentral Andros
7%
GuatemalaDepartmentAlta Verapaz
7%
GuatemalaDepartmentIzabal
7%
GuatemalaDepartmentQuiché
7%
JamaicaParishTrelawny
7%
El SalvadorDepartmentLa Unión
7%
Trinidad and TobagoRegionPrinces Town
6%
Dominican RepublicProvinceDuarte
6%
HaitiDepartmentArtibonite
6%
HaitiDepartmentGrand'Anse
6%
Dominican RepublicProvinceEl Seibo
6%
Dominican RepublicProvinceLa Altagracia
6%
HaitiDepartmentNippes
6%
Trinidad and TobagoRegionTunapuna–Piarco
6%
Dominican RepublicProvinceElías Piña
6%
Dominican RepublicProvinceHato Mayor
6%
Dominican RepublicProvinceIndependencia
6%
Dominican RepublicProvinceDajabón
6%
BahamasDistrictRum Cay
6%
GuatemalaDepartmentTotonicapán
6%
GuatemalaDepartmentSacatepéquez
6%
Dominican RepublicProvinceAzua
6%
Dominican RepublicProvinceBaoruco
6%
GuatemalaDepartmentJutiapa
6%
BahamasDistrictAcklins
6%
BahamasDistrictBerry Islands
6%
BahamasDistrictBlack Point
6%
BahamasDistrictCentral Eleuthera
6%
BahamasDistrictCrooked Island
6%
GuatemalaDepartmentRetalhuleu
6%
BahamasDistrictHarbour Island
6%
BahamasDistrictHope Town
6%
BahamasDistrictMangrove Cay
6%
Dominican RepublicProvinceBarahona
6%
BahamasDistrictMayaguana
6%
BahamasDistrictNorth Abaco
6%
BahamasDistrictNorth Eleuthera
6%
BahamasDistrictRagged Island
6%
Trinidad and TobagoRegionMayaro–Rio Claro
6%
BahamasDistrictSouth Abaco
6%
GuatemalaDepartmentSololá
6%
BahamasDistrictSouth Eleuthera
6%
BahamasDistrictSpanish Wells
6%
BarbadosParishChrist Church
6%
GuatemalaDepartmentSuchitepéquez
6%
Trinidad and TobagoRegionPenal–Debe
6%
Saint Vincent and the GrenadinesParishCharlotte
6%
NicaraguaDepartmentNueva Segovia
6%
Dominican RepublicProvincePeravia
6%
NicaraguaDepartmentRío San Juan
6%
NicaraguaAutonomous RegionNorth Caribbean Coast
6%
NicaraguaDepartmentMadriz
6%
Dominican RepublicProvinceMonte Cristi
6%
NicaraguaDepartmentJinotega
6%
Dominican RepublicProvinceMonte Plata
6%
NicaraguaDepartmentChontales
6%
NicaraguaDepartmentChinandega
6%
NicaraguaDepartmentCarazo
6%
NicaraguaDepartmentBoaco
6%
HondurasDepartmentIntibucá
6%
HondurasDepartmentLempira
6%
HondurasDepartmentOcotepeque
6%
HondurasDepartmentOlancho
6%
PanamaProvinceCoclé
6%
Dominican RepublicProvinceSamaná
6%
HondurasDepartmentYoro
6%
Dominican RepublicProvinceSan Pedro de Macorís
6%
Dominican RepublicProvinceSánchez Ramírez
6%
Dominican RepublicProvinceValverde
6%
El SalvadorDepartmentAhuachapán
6%
El SalvadorDepartmentCabañas
6%
El SalvadorDepartmentChalatenango
6%
El SalvadorDepartmentCuscatlán
6%
El SalvadorDepartmentMorazán
6%
GuatemalaDepartmentChimaltenango
6%
El SalvadorDepartmentSonsonate
6%
El SalvadorDepartmentUsulután
6%
Trinidad and TobagoRegionCouva–Tabaquite–
Talparo
6%
NicaraguaAutonomous RegionSouth Caribbean Coast
6%
HondurasDepartmentFrancisco Morazán
6%
Trinidad and TobagoMunicipalityChaguanas
6%
Dominican RepublicProvinceMaría Trinidad Sánchez
6%
HondurasDepartmentEl Paraíso
6%
HondurasDepartmentCholuteca
6%
HondurasDepartmentBay Islands
6%
Dominican RepublicProvinceLa Vega
6%
HondurasDepartmentAtlántida
6%
Saint LuciaQuarterVieux Fort
6%
Saint LuciaQuarterSoufrière
6%
HondurasDepartmentComayagua
6%
PanamaProvinceVeraguas
6%
PanamaIndigenous RegionNgäbe-Buglé
6%
PanamaProvinceHerrera
6%
PanamaIndigenous RegionGuna Yala
6%
PanamaIndigenous RegionEmberá-Wounaan
6%
Trinidad and TobagoMunicipalityPoint Fortin
5%
GrenadaDependencyCarriacou and Petite
Martinique
5%
Trinidad and TobagoRegionSangre Grande
5%
Trinidad and TobagoRegionSiparia
5%
Dominican RepublicProvinceSantiago Rodríguez
5%
Trinidad and TobagoMunicipalityArima
5%
Dominican RepublicProvinceEspaillat
5%
Dominican RepublicProvinceSan José de Ocoa
5%
Dominican RepublicProvinceHermanas Mirabal
5%
Saint LuciaQuarterPraslin
5%
Dominican RepublicProvincePedernales
5%
Saint LuciaQuarterMicoud
5%
Saint LuciaQuarterLaborie
5%
Saint LuciaQuarterGros Islet
5%
Saint LuciaQuarterDennery
5%
Saint LuciaQuarterDauphin
5%
BahamasDistrictMoore's Island
5%
Saint LuciaQuarterChoiseul
5%
Dominican RepublicProvinceMonseñor Nouel
5%
Saint LuciaQuarterAnse la Raye
5%
Trinidad and TobagoRegionDiego Martin
5%

Score Distribution

Percentile by Number Answered

Percent of People with Each Score

Your Score History

You have not taken this quiz since the last reset